| 000 | 00758nam a2200229 i 4500 | ||
|---|---|---|---|
| 001 | 125313 | ||
| 003 | ES-MaACL | ||
| 005 | 20251115063303.0 | ||
| 007 | t| | ||
| 008 | 070601s1935 sp a |||| | spa d | ||
| 080 | _a821.134.2-22"19" | ||
| 100 | 1 |
_aMuñoz Seca, Pedro, _d1881-1936 _984499 |
|
| 245 | 1 | 3 |
_aEl gran ciudadano _b: farsa en tres actos : original / _cPedro Muñoz Seca ; dibujos de Antonio Merlo. |
| 260 |
_aMadrid : _bEstampa, _c1935. |
||
| 300 |
_a111 p. : _bil. ; _c17 cm. |
||
| 490 | 1 |
_aLa farsa ; _v423 |
|
| 500 | _aEstrenada en el teatro Benavente de Madrid el 13 de marzo de 1935. | ||
| 700 | 1 |
_aMerlo, Antonio. _980579 |
|
| 830 | 0 |
_aLa farsa ; _v423 _9185863 |
|
| 852 |
_aES-MaACL _j2231-F-15 |
||
| 999 |
_c125313 _d125313 |
||